Poučenia z histórie Protifašistické hnutie v Európe začiatkom roku 1934

Bibliographic Details
Main Author: Bystrický, Valerián, 1936-2017 (Author)
Format: Article
Language:Slovak
Subjects:

MARC

LEADER 00000nab a2200000 a 4500
001 vtls000175542
003 SK-MaSNL
005 20260302201657.0
008 140402c1984 xo 0 slo
015 |a SNBRB19rr/mm-uuuuu 
035 |a CL0185655 
040 |a SNKBUCL  |b slo  |c SNKBUCL  |e AACR2 
041 0 |a slo 
044 |a xo  |c SK 
080 |a 329.75(091)  |2 1981 
080 |a 940  |2 1981 
100 1 |a Bystrický, Valerián,  |d 1936-2017  |4 aut  |9 162873 
245 1 0 |a Poučenia z histórie  |b Protifašistické hnutie v Európe začiatkom roku 1934  |c Valerián Bystrický 
650 0 7 |a protifašistický odboj  |2 snkbucl  |9 4751 
655 7 |a články z novín a časopisov  |2 snkbucl  |9 267496 
773 0 |t Bojovník  |g Roč. 29, č. 5 (1984), s. 8 
850 |a Slovenská národná knižnica v Martine  |a MTA001 
852 |a SNK  |b KIS3GCP 
958 |a RK 
992 |a RBX 
999 |c 1461808  |d 1463738